Statistics for Countries by Oil Consumption

Click here to take the quiz!

General Stats

  • This quiz has been taken 58,850 times
    (30,735 since last reset)
  • The average score is 18 of 21

Answer Stats

bbl / daycountry% Correct
19.9 mUnited States
100%
13.2 mChina
99%
1.56 mUnited Kingdom
98%
1.61 mFrance
97%
3.22 mRussia
97%
2.45 mGermany
97%
4.69 mIndia
96%
3.02 mBrazil
96%
2.43 mCanada
94%
1.93 mMexico
94%
3.99 mJapan
93%
1.23 mSpain
92%
1.26 mItaly
91%
1.00 mAustralia
91%
3.92 mSaudi Arabia
85%
1.63 mIndonesia
84%
1.95 mIran
80%
2.80 mSouth Korea
79%
1.34 mThailand
64%
1.03 mTaiwan
46%
1.34 mSingapore
34%

Score Distribution

Percentile by Number Answered

Percent of People with Each Score

Your Score History

You have not taken this quiz since the last reset